Handbook of broadcasting / (Record no. 185316)
[ view plain ]
| 000 -LEADER | |
|---|---|
| fixed length control field | 01416 a2200181 4500 |
| 003 - CONTROL NUMBER IDENTIFIER | |
| control field | Nust |
| 005 - DATE AND TIME OF LATEST TRANSACTION | |
| control field | 20230124105439.0 |
| 040 ## - CATALOGING SOURCE | |
| Transcribing agency | Nust |
| 082 ## - DEWEY DECIMAL CLASSIFICATION NUMBER | |
| Classification number | 384.54,ABB |
| 100 ## - MAIN ENTRY--PERSONAL NAME | |
| Personal name | Waldo Abbot |
| 9 (RLIN) | 107522 |
| 245 ## - TITLE STATEMENT | |
| Title | Handbook of broadcasting / |
| Statement of responsibility, etc. | Waldo Abbot |
| 250 ## - EDITION STATEMENT | |
| Edition statement | 3rd |
| 260 ## - PUBLICATION, DISTRIBUTION, ETC. | |
| Place of publication, distribution, etc. | New York |
| Name of publisher, distributor, etc. | Mc Graw-Hill |
| Date of publication, distribution, etc. | 1950 |
| 300 ## - PHYSICAL DESCRIPTION | |
| Extent | 494,p; |
| 505 ## - FORMATTED CONTENTS NOTE | |
| Formatted contents note | Fundamental of Radio Amplitude Modulation (Page-1), Fundamental of Radio Very High Frequencies (Page-22), Programming (Page-46), Radio Announcing (Page-59), Radio Speaking (Page-70), Radio Pronunciation (page-80) Articulation Intonation Rhythm (Page-89), News Programs (Page-94), Sport Programs (Page-108), Unwritten Talk Programs (Page-116), Preparing the Radio Address (Page-126), Radio in the Public Service (Page-134), Musical Mike (Page-148), The Preparation of Children’s Programs (Page-158), Broadcasts to Schools (page-168) Writing the Radio Play (Page-194) Writing the Radio Serial (Page-212), Directing the radio Ply and the Actor (Page-221), Television Production (Page-237), Sound Effects (Page-247), Radio Humor (Page-268), The Business of Radio and TV Advertising (Page-273), Writing Commercial Continuity (Page-285), The Making of a Recording (Page-302), Station paper Work (Page-317), The Law as it Affects Broadcasting (Page-327), Radio as a Vocation (Page-353). |
| 650 ## - SUBJECT ADDED ENTRY--TOPICAL TERM | |
| Topical term or geographic name entry element | Handbook of broadcasting |
| 9 (RLIN) | 107523 |
| 942 ## - ADDED ENTRY ELEMENTS (KOHA) | |
| Source of classification or shelving scheme | |
| Koha item type | Book |
| Call number prefix | 384.54,ABB |
| Withdrawn status | Lost status | Source of classification or shelving scheme | Damaged status | Not for loan | Permanent Location | Current Location | Shelving location | Date acquired | Full call number | Barcode | Date last seen | Price effective from | Koha item type | Public note |
|---|---|---|---|---|---|---|---|---|---|---|---|---|---|---|
| Military College of Signals (MCS) | Military College of Signals (MCS) | General Stacks | 12/12/2016 | 384.54,ABB | MCS6629 | 12/08/2016 | 12/12/2016 | Book | Almirah No. 54, Shelf No. 4 | |||||
| Military College of Signals (MCS) | Military College of Signals (MCS) | General Stacks | 12/12/2016 | 384.54,ABB | MCS6639 | 12/08/2016 | 12/12/2016 | Book | Almirah No.74, Shelf No.4 | |||||
| Military College of Signals (MCS) | Military College of Signals (MCS) | General Stacks | 12/12/2016 | 384.54,ABB | MCS6676 | 12/08/2016 | 12/12/2016 | Book | Almirah No.74, Shelf No.4 |
